000 02858nam a2201045 i 4500
001 nkc20253674078
003 CZ PrSKC
005 20260417150018.0
007 ta
008 250225s2025 xr a e 000 0dcze
015 _acnb003674078
020 _a9788074853043
_q(brožováno) :
_cKč 349,00
035 _a(OCoLC)1514346808
040 _aBOA001
_bcze
_dABA001
_erda
043 _ae-xr---
045 _ax-y-
072 7 _a93/94
_xDějiny (obecně)
_2Konspekt
080 _a930-051
_2MRF
080 _a930.85
_2MRF
080 _a21/29-1/-9(091)
_2MRF
080 _a32(091)
_2MRF
080 _a930.1:303.833.5
_2MRF
080 _a94(437.3)
_2MRF
080 _a(437.3)
_2MRF
080 _a(047.53)
_2MRF
100 1 _aHusák, Petr,
_d1987-
_4aut
245 1 0 _aNávrat (do) historie /
_crozhovory Petra Husáka s Jiřím Hanušem
246 3 0 _aNávrat historie
250 _a1. vydání
264 1 _aBrno :
_bBooks & Pipes,
_c2025
300 _a164 stran :
_bilustrace ;
_c21 cm
336 _atext
_btxt
_2rdacontent
337 _abez média
_bn
_2rdamedia
338 _asvazek
_bnc
_2rdacarrier
504 _aObsahuje bibliografii
520 2 _aRozhovory se zaobírají různými tématy i problémy světové i české historie.
600 1 7 _aHanuš, Jiří,
_d1963-
_2czenas
648 7 _a20.-21. století
_2czenas
650 0 7 _ahistorici
_zČesko
_y20.-21. století
_2czenas
650 0 7 _adějiny civilizace
_2czenas
650 0 7 _adějiny náboženství
_2czenas
650 0 7 _apolitické dějiny
_2czenas
650 0 7 _ainterpretace dějin
_2czenas
650 0 9 _ahistorians
_zCzechia
_y20th-21st centuries
_2eczenas
650 0 9 _ahistory of civilization
_2eczenas
650 0 9 _ahistory of religions
_2eczenas
650 0 9 _apolitical history
_2eczenas
650 0 9 _ainterpretation of history
_2eczenas
651 7 _aČesko
_xdějiny
_2czenas
651 9 _aCzechia
_xhistory
_2eczenas
655 7 _arozhovory
_2czenas
655 9 _ainterviews
_2eczenas
700 1 _aHanuš, Jiří,
_d1963-
_4aut
900 _b19
910 _aABA001
910 _aABB036
910 _aABB060
910 _aABD001
910 _aABD027
910 _aABE031
910 _aABE311
910 _aABG001
910 _aBOA001
910 _aBOD001
910 _aBOD031
910 _aBRG001
910 _aCBA001
910 _aCKG001
910 _aHBG001
910 _aHKA001
910 _aHOG504
910 _aKLG001
910 _aKTG501
910 _aKVG001
910 _aLIA001
910 _aOLA001
910 _aOPG001
910 _aOSA001
910 _aPAG001
910 _aPNA001
910 _aPNE303
910 _aPRG001
910 _aUHG001
910 _aULD001
910 _aULE301
910 _aULG001
910 _aZLD002
910 _aZLG001
942 _2ddc
_cKNIHA
_n0
999 _c1870
_d1870